000 00930cam a22002771 4500
001 8444640
003 BDDh-ASL
005 20231015031304.0
008 720901s2006 e a b 000 0 eng
010 _asa 63002507
015 _aGB61-15627
035 _a(OCoLC)397733
040 _aDLC
_cODaWU
_dOCoLC
_dUk
_dDLC
_dBDDh-ASL
041 _aBengali
050 0 0 _aDS38
_b.M24 1960
082 _a297.09
_bWAI
100 1 _aWatt, William Montgomery
_97817
245 1 2 _aIslam:
_bA short history. /
260 _aEngland:
_bOneworld Publications,
_c2006.
300 _a159 p.
_c23 cm.
504 _aInclude Bibliographical References and Index
650 0 _aIslamic History (ইসলামের ইতিহাস), Islamic Civilization, ইসলামী সভ্যতা, Isalāmī sabhyatā
_95885
651 0 _aIslamic countries
_xHistory.
906 _a7
_bcbc
_coclcrpl
_du
_encip
_f19
_gy-gencatlg
942 _2ddc
_cBK
999 _c31577
_d31577